| 000 | 00842nam a2200241 4500 | ||
|---|---|---|---|
| 003 | OSt | ||
| 005 | 20240614065512.0 | ||
| 006 | a | ||
| 008 | 240614b |||||||| |||| 00| 0 eng d | ||
| 020 | _a9781452217413 | ||
| 040 |
_aDWCL-Main lib. _cOC |
||
| 082 | _aCirc. 371.9 R434i 2012 | ||
| 111 | _aCara F. Shores ; with contributions by William N. Bender...[et al] | ||
| 245 | _aResponse to intervention / | ||
| 260 |
_aCalifornia : _bCorwin Press, _cc2012. |
||
| 300 |
_axx, _b184 p. : ill. ; _c25 cm |
||
| 504 | _aIncludes bibliographical references. | ||
| 650 | _a1. Remedial teaching. | ||
| 650 | _a2. Response to intervention (Learning disabled children). | ||
| 650 | _a3. Learning disabled children–Education. | ||
| 711 | _aCara F. Shores ; with contributions by William N. Bender...[et al] | ||
| 942 |
_2ddc _n0 _cBK-CIRC _kCirc. |
||
| 999 |
_c717 _d717 |
||